| 000 | 00711nam a2200193 a 4500 | ||
|---|---|---|---|
| 001 | 000015345 | ||
| 005 | 20200929164021.0 | ||
| 008 | 100205s2005 dr abc 000 0 spa d | ||
| 040 |
_aDO-SdBNP _bspa _cBNPHU |
||
| 082 |
_a930.17293 _bO77c |
||
| 100 | 1 |
_aOrtega, Elpidio J. _934683 |
|
| 245 | 1 | 0 |
_aCompendio general arqueológico de Santo Domingo / _cElpidio J. Ortega. |
| 260 |
_aSanto Domingo : _bAcademia de Ciencias de la República Dominicana, _c2005. |
||
| 300 |
_aV. : _bil., retrs., mapa. ; _c27 cm. |
||
| 504 | _aIncluye referencias bibliográficas (p. 457-471) | ||
| 650 | 4 |
_aArqueología _zRepública Dominicana _934684 |
|
| 651 | 4 |
_aRepública Dominicana _xRestos Arqueologícos _934685 |
|
| 049 | _aBNPD | ||
| 999 |
_c14910 _d14910 |
||